000
00246nam a22000857a 4500
008
240511b ||||| |||| 00| 0 eng d
100
_a
Robert A. Siegel
245
_a
Wells, Fargo & Company, 1861 Pony Express Issues
650
_a
Wells, Fargo|Pony Express
999
_c
3593
_d
3593